Travis Scott Songs by Synonyms - Statistics

General Stats
  • This quiz has been taken 169 times
  • The average score is 9 of 20
Answer Stats
Hint Answer % Correct
Bones Skeletons
73%
Urinate on Your Tomb Piss on Your Grave
72%
Unable to Talk Can't Say
69%
Answer my Call Pick Up the Phone
69%
Awaken Wake Up
63%
Beverly Hills 90210
58%
Remedy Antidote
57%
Cease Your Attempts at Divinity Stop Trying to be God
57%
Merry-go-round Carousel
45%
Undead Creatures Zombies
45%
Zero Innocent People No Bystanders
43%
Alarms Sirens
41%
Most Inebriated Person Here Highest in the Room
38%
Heebie-Jeebies Goosebumps
36%
Drunk Wasted
30%
Unfeasible Impossible
27%
Mind Movement Telekinesis
27%
Small Action, Large Consequences Butterfly Effect
19%
Nuclear Accident Meltdown
14%
Large Earthworm Nightcrawler
14%
No matching quizzes found
Score Distribution
Percent of People with Each Score
Percentile by Number Answered
Your Score History
You have not taken this quiz